00289nam a2200133Ia 4500008004100000100001300041245002900054250001200083260001600095300000800111650001200119942000700131999001700138190216s9999||||xx |||||||||||||| ||und|| aDc Heath 0aPhysics Laboratary Guide a1st Ed. bNcertc1964 a87p aPhysics cBK c32704d32704